Etika professional

Bibliographic Details
Main Author: Mohd Jani b Johari
Format: Book
Published: Skudai : UTM , 2001
Subjects:

MARC

LEADER 00000cam a2200000 7i4500
001 0000016405
005 20060908.0
020 |a 9835202389 
040 |a INS 
090 0 0 |a BJ1725   |b MJJ 2001 
100 1 |a Mohd Jani b Johari 
245 1 0 |a Etika professional   |c Mohd Jani b Johari 
260 |a Skudai :   |b UTM ,   |c 2001 
300 |a x,157p ;   |c 23cm. 
650 0 0 |a Professional ethics 
650 0 0 |a Work ethic 
999 |a 0000016358   |b BOOK   |c Open Shelf   |e Default branch